Olivia Rodrigo Songs In Alphabetical Order - Statistics

General Stats
  • This quiz has been taken 133 times
  • The average score is 16 of 29
Answer Stats
Album Song % Correct
Guts (spilled) all-american b**ch
95%
SOUR brutal
85%
SOUR 1 step forward, 3 steps back
80%
Single Can't Catch Me Now
79%
SOUR deja vu
73%
SOUR enough for you
72%
Guts (spilled) bad idea right?
71%
Guts (spilled) ballad of a homeschooled girl
71%
SOUR drivers license
69%
SOUR favorite crime
60%
SOUR happier
57%
SOUR good 4 u
56%
SOUR hope ur ok
55%
SOUR jealousy, jealousy
53%
SOUR traitor
52%
Guts (spilled) get him back!
49%
Guts (spilled) girl i've always been
49%
Guts (spilled) vampire
48%
Guts (spilled) lacy
45%
Guts (spilled) making the bed
41%
Guts (spilled) logical
40%
Guts (spilled) obsessed
40%
Guts (spilled) so american
39%
Guts (spilled) scared of my guitar
37%
Guts (spilled) stranger
36%
Guts (spilled) love is embarrassing
35%
Guts (spilled) pretty isn't pretty
35%
Guts (spilled) teenage dream
35%
Guts (spilled) the grudge
35%
No matching quizzes found
Score Distribution
Percent of People with Each Score
Percentile by Number Answered
Your Score History
You have not taken this quiz